000 00643nam a2200217Ia 4500
003 GCL
008 140319s9999 xx 000 0 ara d
040 _aGCL /
_cGCL
082 0 4 _a327.172
_bج غ
100 1 _aجاسم الحمادى
245 1 0 _aغزة - اريحا اولا من اسلو الى واشنطن /
_cجاسم الحمادى
260 _a[S.N] :
_bدار الشرق ،
_c1993
300 _a180
490 _a
650 0 4 _aفلسطين
650 0 4 _aاسرائيل
650 0 4 _aالقضية الفلسطينية
650 0 4 _aاتفاقية غزة اريحا
650 0 4 _aالاتفاقيات
942 _2ddc
_cBK
999 _c31722
_d31722